000
00292nam a22001337a 4500
008
181105b xxu||||| |||| 00| 0 eng d
020
_a
9780618247905
041
_a
eng
080
_a
510
100
_a
39
101
_a
MAT
245
_a
Multivariable Calculus
_c
Zorn,O
942
_2
udc
_c
BK
999
_c
51812
_d
51812